The Idea of Justice (Record no. 588338)

000 -LEADER
fixed length control field 00381nam a22001457a 4500
020 ## - INTERNATIONAL STANDARD BOOK NUMBER
International Standard Book Number 9780141037851
Terms of availability Available
082 ## - DEWEY DECIMAL CLASSIFICATION NUMBER
Classification number 320 SEN
100 ## - MAIN ENTRY--PERSONAL NAME
Personal name Sen, Amartya
245 ## - TITLE STATEMENT
Title The Idea of Justice
Statement of responsibility, etc. Sen, Amartya
260 ## - PUBLICATION, DISTRIBUTION, ETC.
Place of publication, distribution, etc. India
Name of publisher, distributor, etc. Penguin Books
Date of publication, distribution, etc. 2009
300 ## - PHYSICAL DESCRIPTION
Dimensions XXVII,468P
Type of unit Book
942 ## - ADDED ENTRY ELEMENTS (KOHA)
Source of classification or shelving scheme
Koha item type Book
Holdings
Withdrawn status Lost status Source of classification or shelving scheme Damaged status Not for loan Permanent Location Current Location Date acquired Total Checkouts Full call number Barcode Date last seen Date last checked out Price effective from Koha item type
          Central Library (CL) Central Library (CL) 02/28/2022 1 320 SEN CL492 12/09/2025 02/16/2025 02/28/2022 Book
© 2023 Central Library, National University of Sciences and Technology. All Rights Reserved.